| 000 | 00439nam a22001217a 4500 | ||
|---|---|---|---|
| 008 | 091112t xxu||||| |||| 00| 0 eng d | ||
| 020 | _a0521750628 | ||
| 082 |
_222 _a428.24 _bPUC |
||
| 245 |
_aEnglish in Mind.Class Cassettes / _cHerbert Puchta and Jeff Stranks |
||
| 260 |
_aCambridge, UK : _bCambridge University Press, 2004 _c2004 |
||
| 300 |
_a1 sound cassette (70 min., 26 sec.) : _b3 3/4 ips, mono. ; _c7 1/4 x 3 1/2 in. |
||
| 942 |
_2ddc _cCT |
||
| 999 |
_c12894 _d12894 |
||